| 000 | 00502nam a2200181 a 4500 | ||
|---|---|---|---|
| 005 | 20140412111240.0 | ||
| 008 | 010710s19uu xx 00 eng d | ||
| 020 | _a0-374-46646-7 | ||
| 050 |
_aTR(PS E _bSi3 1991 |
||
| 100 | _aLee, Jeanne M. | ||
| 245 |
_aSilent lotus / _cJeanne M. Lee. |
||
| 260 |
_aNew York : _bFarrar, Straus & Giroux, _c1991. |
||
| 300 | _a1v. (unp.) ; ill. | ||
| 440 | _aReading Rainbow Book | ||
| 650 | _aFolktale, Cambodia | ||
| 650 | _aDances-Folktales | ||
| 999 |
_c102695 _d102695 |
||